00289nam a2200109Ia 4500008004100000041000800041082002500049100001600074245002900090260005100119300000900170230411s9999 xx 000 0 und d aeng aOP/617.71/AGA/B02658 aAgarwal L P aHandbook of Opthalmology bCBS Publishers & DistributorsaNew Delhic1997 a451p